Statystyki dla Zgadnij overall piłkarza z danej FIFY

Kliknij tutaj aby rozwiązać quiz!

Ogólne statystyki

  • Ten quiz został rozwiązany 432 razy
  • Średni wynik to 10 z 10

Statystyki odpowiedzi

Piłkarz i fifaOverall% Poprawnych
Robert Lewandowski-FIFA 2191
100%
Cristiano Ronaldo-FIFA 1492
99%
Riyad Mahrez-FIFA 1883
98%
Kylian Mbappe-FIFA 1883
98%
Thomas Muller-FIFA1686
98%
Neymar JR-FIFA 1587
98%
De Bruyne-FIFA 1788
98%
Kamil Grosicki-FIFA 1974
97%
Pulisic-FIFA 2079
97%
Leo Messi-FIFA 1190
96%

Rozkład punktacji

Percentyl według liczby udzielonych odpowiedzi

Procent ludzi z każdym wynikiem

Twoja historia wyników

Nie rozwiązałeś tego quizu